00442nam a2200157Ia 45000010006000000050017000060080041000230410008000640820016000721000037000882450106001252600009002313000028002406500008002686540008002762070020260306172825.0260306t2009||||xx |||||||||||||| ||spa|| aESP a343.6LbM86 aMorón Urbina, Juan CarloseAUT 0aLos recursos en la ley del procedimiento administrativo general:by en los procedimientos sectoriales c2009 a342 páginas :c24 cm. aGEN aCDE